| 000 | 00704nam a22001697a 4500 | ||
|---|---|---|---|
| 999 |
_c14964 _d14964 |
||
| 008 | 200203b ||||| |||| 00| 0 eng d | ||
| 082 |
_22013 _aUT 1453 _bF39 |
||
| 100 |
_aFernandez, Shiela May Luz M. _941545 |
||
| 245 |
_aServicce and Level of Effectiveness of PNP Patrol Force in Santa Cruz, Davao Del Sur/ _cShiela May Luz M. Fernandez, Mark Kevin L. Procullos & Leonido C. Prejoles Jr. |
||
| 260 |
_aDigos City _bUMDC _cMarch 2013 |
||
| 300 |
_a74 pages _c30 cm |
||
| 650 |
_aCriminal Justice _vCriminology _xUndergraduate Thesis _936874 |
||
| 700 |
_aFernandez, Shiela May Luz M. _941546 |
||
| 700 |
_aProcullos, Mark Kevin L. _941547 |
||
| 700 |
_aPrejoles,Leonido, C. Jr. _941548 |
||
| 942 |
_2ddc _cUT |
||